Don't leave it to a judge to define your responsibility (Record no. 67924)

MARC details
000 -LEADER
fixed length control field 01311cam a2200289 4500
001 - CONTROL NUMBER
control field ABS64300
008 - FIXED-LENGTH DATA ELEMENTS--GENERAL INFORMATION
fixed length control field 010806n2001 000 0 eng u
035 ## - SYSTEM CONTROL NUMBER
System control number (Sirsi) u113973
100 ## - MAIN ENTRY--PERSONAL NAME
Personal name Winter, J.
245 ## - TITLE STATEMENT
Title Don't leave it to a judge to define your responsibility
260 ## - PUBLICATION, DISTRIBUTION, ETC.
Date of publication, distribution, etc. 2001
490 ## - SERIES STATEMENT
Series statement Construction News
Volume/sequential designation (6726) 26 July 2001, 25(1)
520 ## - SUMMARY, ETC.
Summary, etc. With reference to case law explains how project managers must define as clearly as possible, in their terms of engagement, precisely what their obligations to their clients are. Discusses cases "Pride Valley Foods v Hall & Partners"; "Pozzolanic Lytag v Bryan Hobson Associates"(1999); "Chesham Properties Ltd v Bucknall Austin Project Management Services Ltd"(1996) and "Copthorne Hotel (Newcastle) v Arup Associates"(1999).
590 ## - LOCAL NOTE (RLIN)
Local note ABS
650 ## - SUBJECT ADDED ENTRY--TOPICAL TERM
Topical term or geographic name entry element TERMS OF ENGAGEMENT
650 ## - SUBJECT ADDED ENTRY--TOPICAL TERM
Topical term or geographic name entry element OBLIGATIONS
650 ## - SUBJECT ADDED ENTRY--TOPICAL TERM
Topical term or geographic name entry element PROJECT MANAGERS
650 ## - SUBJECT ADDED ENTRY--TOPICAL TERM
Topical term or geographic name entry element CLIENTS
650 ## - SUBJECT ADDED ENTRY--TOPICAL TERM
Topical term or geographic name entry element NEGLIGENCE
650 ## - SUBJECT ADDED ENTRY--TOPICAL TERM
Topical term or geographic name entry element LIABILITIES
650 ## - SUBJECT ADDED ENTRY--TOPICAL TERM
Topical term or geographic name entry element PRIDE VALLEY FOODS V HALL & PARTNERS
650 ## - SUBJECT ADDED ENTRY--TOPICAL TERM
Topical term or geographic name entry element POZZOLANIC LYTAG LTD V BRYAN HOBSON ASSOCIATES
650 ## - SUBJECT ADDED ENTRY--TOPICAL TERM
Topical term or geographic name entry element CHESHAM PROPERTIES LTD V BUCKNALL AUSTIN PROJECT MANAGEMENT SERVICES LTD
650 ## - SUBJECT ADDED ENTRY--TOPICAL TERM
Topical term or geographic name entry element COPTHORNE HOTEL (NEWCASTLE) LTD V ARUP ASSOCIATES
690 ## - LOCAL SUBJECT ADDED ENTRY--TOPICAL TERM (OCLC, RLIN)
Topical term or geographic name as entry element Project management
9 (RLIN) 6261
942 ## - ADDED ENTRY ELEMENTS (KOHA)
Suppress in OPAC 0
Holdings
Withdrawn status Lost status Source of classification or shelving scheme Damaged status Not for loan Home library Current library Shelving location Date acquired Total Checkouts Full call number Barcode Date last seen Copy number Price effective from Koha item type
    Dewey Decimal Classification     London London Journal article 06/08/2001   ABS64300 113973-1001 06/08/2019 1 06/08/2019 Journal article